000 00490nam a2200181Ia 4500
008 240925s9999 xx 000 0 und d
020 _a9788131765647
082 _a647.94023 WAL
100 _aWalker, Joh R.; Walker, Josielyn T.
245 0 _aExploring: the hospitality industry
250 _a2nd
260 _aNew Delhi:
_bPearson Education
_c,2012.
300 _a202p.
_b0
_fOriginal
500 _aIncludes Index
600 _aSocial Sciences
650 _aManagement
942 _cBK
999 _c16190
_d16190